[Event "Bristol Centenary & WECU Championship"]
[Site "The Great Hall, Bristol Gramm"]
[Date "2024.04.28"]
[Round "4.18"]
[White "Chua, Sebastien"]
[Black "Clarke, James"]
[Result "1-0"]
[WhiteElo "1969"]
[BlackElo "1871"]
[PlyCount "103"]
[EventDate "2024.04.26"]
[EventRounds "5"]
[EventCountry "ENG"]
[SourceTitle "DT 112"]
[SourceDate "2024.08.26"]
[SourceVersion "1"]
[SourceVersionDate "2024.08.26"]
[SourceQuality "1"]

1. c4 Nf6 2. g3 g6 3. Bg2 Bg7 4. Nc3 O-O 5. d4 Nc6 6. Nf3 d5 7. cxd5 Nxd5 8.
O-O Rb8 9. Bd2 Nb6 10. e3 e5 11. dxe5 Nxe5 12. Nxe5 Bxe5 13. Qc2 c6 14. Rad1
Qe7 15. Ne2 Bf5 16. e4 Be6 17. b3 Rfd8 18. Nf4 Bg4 19. f3 Bd4+ 20. Kh1 Be6 21.
Nxe6 Qxe6 22. Rde1 Bg7 23. Bg5 Rd7 24. f4 Qd6 25. f5 Be5 26. Bh3 Rc7 27. Rd1
Qb4 28. Qe2 f6 29. Bf4 Qe7 30. fxg6 hxg6 31. Qg4 Kg7 32. Qe6 Qxe6 33. Bxe6 Bxf4
34. gxf4 Re7 35. f5 g5 36. Kg2 Rh8 37. Rd3 Na8 38. e5 Nc7 39. Rd6 Nxe6 40. Rxe6
Rxe6 41. fxe6 fxe5 42. Rf7+ Kg6 43. Rxb7 Re8 44. e7 Kf6 45. Rxa7 Ke6 46. Kf3
Kf5 47. Rc7 c5 48. Ke3 c4 49. bxc4 Ra8 50. a4 Kg4 51. Rd7 Re8 52. c5 1-0

[Event "Bristol Centenary & WECU Championship"]
[Site "The Great Hall, Bristol Gramm"]
[Date "2024.04.28"]
[Round "4.19"]
[White "Khoury, Theo"]
[Black "Mize, Dylan"]
[Result "1-0"]
[WhiteElo "2113"]
[BlackElo "1870"]
[Annotator "Tipper, Dave"]
[PlyCount "85"]
[EventDate "2024.04.26"]
[EventRounds "5"]
[EventCountry "ENG"]
[SourceTitle "DT 112"]
[SourceDate "2024.08.26"]
[SourceVersion "1"]
[SourceVersionDate "2024.08.26"]
[SourceQuality "1"]

{[%evp 0,85,19,28,75,57,68,42,42,32,30,25,18,35,38,15,32,41,63,65,70,32,24,21,
15,15,13,15,24,16,14,9,5,-6,3,3,8,8,0,-63,-67,-66,-40,-55,-59,-65,-64,-98,-114,
-136,46,65,46,46,81,6,0,0,0,-90,-74,-70,0,2,0,0,116,11,0,128,135,0,0,0,0,-63,
-55,-70,0,0,412,464,548,552,563,568,29983,29984]} 1. e4 c6 2. d4 d5 3. exd5
cxd5 4. Bd3 Nc6 5. c3 Nf6 6. Bf4 Bg4 7. Qb3 Na5 8. Qa4+ Nc6 9. Nd2 e6 10. Ngf3
Bd6 11. Bxd6 Qxd6 12. O-O O-O 13. Rfe1 Bh5 14. Ne5 Rfc8 15. Re3 a6 16. Qb3 b5
17. a3 Na5 18. Qc2 Nc4 19. Ndxc4 bxc4 20. Be2 Bxe2 21. Qxe2 Rab8 22. Re1 Rb6
23. Rg3 Rcb8 {Draw Offer} 24. Qd2 Rxb2 25. Rxg7+ Kxg7 26. Qg5+ Kf8 27. Qxf6
R8b7 28. Qh8+ Ke7 29. Qxh7 Ke8 30. h4 Qe7 31. Re3 Qf8 32. h5 f6 33. Qg6+ Kd8
34. Rf3 Rg7 35. Qxf6+ Qxf6 36. Rxf6 Ke7 37. Rf4 Rb3 38. Rf3 Rxa3 39. g4 Rb3 40.
h6 Rh7 41. g5 Rb7 42. g6 Rh8 43. Rf7+ 1-0

[Event "Bristol Centenary & WECU Championship"]
[Site "The Great Hall, Bristol Gramm"]
[Date "2024.04.28"]
[Round "4.20"]
[White "Guilfoyle, John M"]
[Black "Fong, Kenny"]
[Result "1/2-1/2"]
[WhiteElo "2070"]
[BlackElo "1863"]
[PlyCount "58"]
[EventDate "2024.04.26"]
[EventRounds "5"]
[EventCountry "ENG"]
[SourceTitle "DT 112"]
[SourceDate "2024.08.26"]
[SourceVersion "1"]
[SourceVersionDate "2024.08.26"]
[SourceQuality "1"]

1. d4 Nf6 2. c4 g6 3. Nc3 d5 4. cxd5 Nxd5 5. e4 Nxc3 6. bxc3 Bg7 7. Nf3 c5 8.
Rb1 Nc6 9. d5 Bxc3+ 10. Bd2 Bxd2+ 11. Qxd2 Nd4 12. Nxd4 cxd4 13. Bb5+ Bd7 14.
Bxd7+ Qxd7 15. Qxd4 O-O 16. O-O b6 17. h4 h5 18. Rfe1 Rac8 19. e5 Qc7 20. g3
Qc5 21. Qd2 Qc2 22. Qg5 Qxa2 23. Qxe7 Qxd5 24. Qxa7 Rfe8 25. Rbd1 Qa5 26. Qb7
Rb8 27. Qc7 Qc5 28. Qxc5 bxc5 29. Rc1 Rbc8 1/2-1/2

[Event "Bristol Centenary & WECU Championship"]
[Site "The Great Hall, Bristol Gramm"]
[Date "2024.04.28"]
[Round "4.21"]
[White "Davis, Colin J"]
[Black "Jones, Mark G"]
[Result "1-0"]
[WhiteElo "1975"]
[BlackElo "1767"]
[PlyCount "67"]
[EventDate "2024.04.26"]
[EventRounds "5"]
[EventCountry "ENG"]
[SourceTitle "DT 112"]
[SourceDate "2024.08.26"]
[SourceVersion "1"]
[SourceVersionDate "2024.08.26"]
[SourceQuality "1"]

{[%evp 0,65,19,30,83,90,89,78,83,70,63,63,70,57,61,67,80,54,32,54,47,26,35,34,
50,9,-2,1,4,10,12,-33,-11,-19,30,-19,-18,-17,-16,-45,-26,-91,-7,-10,-3,-11,-1,
-19,27,53,44,50,52,56,54,54,81,64,90,97,138,140,126,116,194,194,446,451]} 1.
Nf3 g6 2. e4 d6 3. d4 Bg7 4. Be2 Nf6 5. Nc3 O-O 6. O-O Nc6 7. d5 Nb8 8. h3 Nbd7
9. Re1 Nc5 10. Bf1 a5 11. a4 e5 12. dxe6 Bxe6 13. Nd4 Bd7 14. Bg5 Re8 15. Bd3
c6 16. Qd2 Qe7 17. Re2 Qf8 18. Nf3 Be6 19. Be3 Nfd7 20. Nd4 Nxd3 21. Nxe6 Rxe6
22. cxd3 Nc5 23. Qc2 b6 24. d4 Nd7 25. d5 cxd5 26. Nxd5 Rc8 27. Qb1 Rc6 28. f3
Qb8 29. Ra2 Kf8 30. b4 Re8 31. Qe1 Rec8 32. Qh4 axb4 33. Qe7+ Kg8 34. Qxd7 1-0

[Event "Bristol Centenary & WECU Championship"]
[Site "The Great Hall, Bristol Gramm"]
[Date "2024.04.28"]
[Round "4.22"]
[White "Fellowes, Billy"]
[Black "Hu, Junyan"]
[Result "1-0"]
[WhiteElo "1969"]
[BlackElo "1704"]
[PlyCount "127"]
[EventDate "2024.04.26"]
[EventRounds "5"]
[EventCountry "ENG"]
[SourceTitle "DT 112"]
[SourceDate "2024.08.26"]
[SourceVersion "1"]
[SourceVersionDate "2024.08.26"]
[SourceQuality "1"]

1. g3 Nf6 2. Bg2 d5 3. Nf3 c5 4. d3 Nc6 5. Nbd2 Bf5 6. O-O e5 7. Re1 Bd6 8. e4
dxe4 9. dxe4 Be6 10. c3 h6 11. Qe2 O-O 12. Nc4 Bc7 13. Be3 Qe7 14. Nfd2 Rfd8
15. h3 Rac8 16. Kh2 b6 17. Nf1 Ne8 18. g4 Nd6 19. Nxd6 Rxd6 20. Ng3 Rcd8 21.
Bf1 Bb8 22. Qb5 Qd7 23. Qa6 Qc7 24. Bc4 Bc8 25. Qa4 Na5 26. Bd5 Bd7 27. Qc2 Nc6
28. Qe2 Be6 29. Bxe6 fxe6 30. Rad1 Ne7 31. Rxd6 Qxd6 32. g5 hxg5 33. Bxg5 Rf8
34. Rd1 Qc7 35. Qg4 Rxf2+ 36. Kg1 Rf7 37. Qxe6 Qc8 38. Rd7 c4 39. Rxe7 Qc5+ 40.
Kh1 Qf2 41. Qxf7+ Qxf7 42. Rxf7 Kxf7 43. Kg2 b5 44. Kf3 Bd6 45. Nf5 Bf8 46. b3
g6 47. Ne3 Bc5 48. bxc4 Bxe3 49. Bxe3 bxc4 50. Bxa7 Ke6 51. Bc5 g5 52. Kg4 Kf6
53. a4 Ke6 54. Kxg5 Kd7 55. h4 Kc6 56. Bb4 Kd7 57. h5 Ke8 58. Kg6 Kd7 59. h6
Ke8 60. h7 Kd7 61. h8=Q Kc6 62. Qc8+ Kb6 63. Bc5+ Ka5 64. Qa8# 1-0

[Event "Bristol Centenary & WECU Championship"]
[Site "The Great Hall, Bristol Gramm"]
[Date "2024.04.28"]
[Round "4.23"]
[White "Fu, Yuting"]
[Black "Baer, Bruce L"]
[Result "1-0"]
[WhiteElo "1914"]
[BlackElo "1945"]
[PlyCount "77"]
[EventDate "2024.04.26"]
[EventRounds "5"]
[EventCountry "ENG"]
[SourceTitle "DT 112"]
[SourceDate "2024.08.26"]
[SourceVersion "1"]
[SourceVersionDate "2024.08.26"]
[SourceQuality "1"]

1. d4 g6 2. c4 d6 3. Nc3 Bg7 4. e4 e5 5. Nf3 Bg4 6. d5 Ne7 7. Be2 O-O 8. Be3 a5
9. c5 Bxf3 10. Bxf3 f5 11. cxd6 cxd6 12. Qb3 Nd7 13. Qxb7 Rb8 14. Qa6 f4 15.
Bc1 Nc5 16. Qe2 a4 17. O-O g5 18. Qd1 Rb4 19. b3 axb3 20. Ba3 Rd4 21. Qe2 Qa5
22. Qb2 Rd3 23. Bxc5 Qxc5 24. Rfc1 Rxf3 25. gxf3 Qc8 26. Qxb3 Ng6 27. Kf1 Nh4
28. Nb5 Qh3+ 29. Ke2 g4 30. Rc3 Qxh2 31. Nxd6 g3 32. Qb6 g2 33. Qb1 Qh3 34. a4
Qd7 35. Nb5 Rb8 36. d6 Bf8 37. Qb3+ Kh8 38. Qd5 Bxd6 39. Nxd6 1-0

[Event "Bristol Centenary & WECU Championship"]
[Site "The Great Hall, Bristol Gramm"]
[Date "2024.04.28"]
[Round "4.24"]
[White "Perrin, Brent"]
[Black "Young, Daniel J"]
[Result "0-1"]
[WhiteElo "1891"]
[BlackElo "1927"]
[PlyCount "54"]
[EventDate "2024.04.26"]
[EventRounds "5"]
[EventCountry "ENG"]
[SourceTitle "DT 112"]
[SourceDate "2024.08.26"]
[SourceVersion "1"]
[SourceVersionDate "2024.08.26"]
[SourceQuality "1"]

1. e4 e5 2. Nf3 Nc6 3. Bb5 a6 4. Ba4 Nf6 5. d3 d6 6. c3 g6 7. O-O Bg7 8. Re1
O-O 9. Nbd2 b5 10. Bc2 d5 11. exd5 Nxd5 12. Nf1 h6 13. Ne3 Be6 14. Nxd5 Bxd5
15. Be3 Re8 16. Nd2 Qh4 17. Bb3 Ne7 18. Bc5 Rad8 19. Nf3 Qf4 20. Bxd5 Nxd5 21.
Qb3 Qf5 22. Rad1 Nf4 23. Re3 e4 24. Rde1 Qxc5 25. d4 Qf5 26. Nd2 Nd3 27. R1e2
Nc1 0-1

[Event "Bristol Centenary & WECU Championship"]
[Site "The Great Hall, Bristol Gramm"]
[Date "2024.04.28"]
[Round "4.25"]
[White "Damodaran, Patrick"]
[Black "Hill, Andy"]
[Result "1-0"]
[WhiteElo "1881"]
[BlackElo "1926"]
[PlyCount "135"]
[EventDate "2024.04.26"]
[EventRounds "5"]
[EventCountry "ENG"]
[SourceTitle "DT 112"]
[SourceDate "2024.08.26"]
[SourceVersion "1"]
[SourceVersionDate "2024.08.26"]
[SourceQuality "1"]

1. e4 e6 2. d4 d5 3. exd5 exd5 4. Nf3 Nc6 5. c3 Bd6 6. Bd3 Nge7 7. Qc2 Bg4 8.
Bg5 Bxf3 9. gxf3 Qd7 10. Nd2 Nd8 11. O-O-O Ne6 12. h4 h6 13. Bxe7 Bxe7 14. Rde1
Qd6 15. Re3 O-O 16. Nf1 Qf4 17. Kb1 Bxh4 18. Rg1 Bg5 19. Ng3 Qd6 20. Re5 Rfe8
21. Nf5 Qd7 22. Ne3 Nf4 23. Ng4 f6 24. Rf5 Qd6 25. c4 c6 26. c5 Qf8 27. Nxf6+
gxf6 28. Rxf4 Qe7 29. Qd1 Kh8 30. Rfg4 f5 31. Bxf5 Rf8 32. Qd3 Qf6 33. f4 Qxf5
34. Qxf5 Rxf5 35. fxg5 hxg5 36. Rxg5 Rxg5 37. Rxg5 Rf8 38. Re5 Rf7 39. Re2 Kg7
40. Kc2 Kf8 41. Rd2 Rf3 42. Kd1 Ke8 43. Ke2 Rf6 44. f3 Kd7 45. Ke3 Kc7 46. Rh2
Rf7 47. Rh5 a5 48. f4 b6 49. Re5 bxc5 50. dxc5 d4+ 51. Kf3 d3 52. Re1 Rd7 53.
Rd1 Rd5 54. Ke3 Rxc5 55. Rxd3 Rc2 56. Rd2 Rc5 57. Ke4 Rc1 58. f5 Re1+ 59. Kf4
Kb6 60. f6 Rf1+ 61. Ke5 Kc7 62. Ke6 Re1+ 63. Kf7 Rf1 64. Ke7 Re1+ 65. Kf8 Rf1
66. f7 Kc8 67. Rg2 Kd7 68. Kg7 1-0

[Event "Bristol Centenary & WECU Championship"]
[Site "The Great Hall, Bristol Gramm"]
[Date "2024.04.28"]
[Round "4.26"]
[White "Maton, Emily"]
[Black "Lishoy Gengis Paratazham, Dildarav"]
[Result "0-1"]
[WhiteElo "1876"]
[BlackElo "1924"]
[PlyCount "134"]
[EventDate "2024.04.26"]
[EventRounds "5"]
[EventCountry "ENG"]
[SourceTitle "DT 112"]
[SourceDate "2024.08.26"]
[SourceVersion "1"]
[SourceVersionDate "2024.08.26"]
[SourceQuality "1"]

1. d4 Nf6 2. c4 d6 3. Nc3 e5 4. dxe5 dxe5 5. Qxd8+ Kxd8 6. Nf3 Nbd7 7. Bg5 c6
8. O-O-O Kc7 9. Bh4 Ng4 10. h3 Nh6 11. g4 f6 12. a3 a5 13. e3 Nf7 14. Bd3 Nc5
15. g5 Be7 16. gxf6 gxf6 17. Bc2 Be6 18. Nd2 Nd6 19. Rhg1 Rag8 20. Nde4 Ncxe4
21. Nxe4 Nxe4 22. Bxe4 Bxh3 23. Rxg8 Rxg8 24. Rh1 Be6 25. Bg3 Rg7 26. Rxh7 Rxh7
27. Bxh7 Bxc4 28. Kc2 Be6 29. Bd3 b5 30. f4 exf4 31. Bxf4+ Bd6 32. Bh6 Kb6 33.
e4 Be5 34. Be3+ Kc7 35. Be2 Bd6 36. Bd4 Be5 37. Be3 Bf7 38. Bd2 a4 39. Bg4 Bb3+
40. Kb1 c5 41. Ba5+ Kc6 42. Bh5 Bc4 43. Kc2 Bd4 44. Be1 Kd6 45. Bg3+ Ke7 46.
Bf3 b4 47. Be1 bxa3 48. bxa3 Bb3+ 49. Kb1 c4 50. Bb4+ Kf7 51. Be2 Kg6 52. Kc1
c3 53. Bd3 Kg5 54. Bd6 Kg4 55. Be2+ Kh4 56. Bd3 Be5 57. Bxe5 fxe5 58. Bb5 Kg3
59. Bc6 Kf3 60. Bb7 Ke3 61. Bd5 Kd4 62. Bb7 Bc4 63. Bc6 Bd3 64. Bxa4 Bxe4 65.
Bd1 Bd3 66. a4 e4 67. a5 e3 0-1

[Event "Bristol Centenary & WECU Championship"]
[Site "The Great Hall, Bristol Gramm"]
[Date "2024.04.28"]
[Round "4.27"]
[White "Lesniowski, Paul A"]
[Black "Crockart, George N"]
[Result "1-0"]
[WhiteElo "1871"]
[BlackElo "1954"]
[PlyCount "45"]
[EventDate "2024.04.26"]
[EventRounds "5"]
[EventCountry "ENG"]
[SourceTitle "DT 112"]
[SourceDate "2024.08.26"]
[SourceVersion "1"]
[SourceVersionDate "2024.08.26"]
[SourceQuality "1"]

1. e4 c6 2. d4 d5 3. e5 h5 4. Nf3 Bg4 5. Be2 e6 6. Nbd2 Qb6 7. O-O c5 8. dxc5
Bxc5 9. c4 Ne7 10. cxd5 exd5 11. h3 Nd7 12. Qb3 Be6 13. Qa4 O-O-O 14. a3 Nc6
15. b4 Bd4 16. Ra2 Bxe5 17. Nb3 f6 18. b5 Ne7 19. Rc2+ Kb8 20. Be3 d4 21. Nbxd4
Nc5 22. Rxc5 Qxc5 23. Nc6+ 1-0

[Event "Bristol Centenary & WECU Championship"]
[Site "The Great Hall, Bristol Gramm"]
[Date "2024.04.28"]
[Round "4.28"]
[White "Lampard, Alice"]
[Black "Nendick, Philip Hc"]
[Result "1/2-1/2"]
[WhiteElo "1844"]
[BlackElo "1938"]
[PlyCount "88"]
[EventDate "2024.04.26"]
[EventRounds "5"]
[EventCountry "ENG"]
[SourceTitle "DT 112"]
[SourceDate "2024.08.26"]
[SourceVersion "1"]
[SourceVersionDate "2024.08.26"]
[SourceQuality "1"]

1. d4 Nc6 2. d5 Ne5 3. f4 Ng6 4. e4 e5 5. dxe6 fxe6 6. Nf3 d5 7. Be3 Nf6 8. e5
Ng4 9. Qe2 Be7 10. Nbd2 O-O 11. g3 a5 12. Bh3 Nxe3 13. Qxe3 c5 14. O-O-O b5 15.
Rhf1 a4 16. Ng5 Bxg5 17. fxg5 Rxf1 18. Rxf1 Qe7 19. Bg2 Bb7 20. h4 Rf8 21. h5
d4 22. Qe2 Bxg2 23. Qxg2 Nxe5 24. Ne4 c4 25. h6 Rxf1+ 26. Qxf1 Qf7 27. Qf4
Qxf4+ 28. gxf4 Ng6 29. Nd6 Nxf4 30. Nxb5 Nh3 31. Nxd4 Nxg5 32. hxg7 Kxg7 33. b4
cxb3 34. cxb3 axb3 35. axb3 e5 36. Nc2 h5 37. Ne3 Kf6 38. Kd1 Nf3 39. b4 Nd4
40. Ke1 Kg5 41. Kf2 Kf4 42. Nd5+ Kf5 43. Kg3 Kg5 44. Nc3 Kf5 1/2-1/2

[Event "Bristol Centenary & WECU Championship"]
[Site "The Great Hall, Bristol Gramm"]
[Date "2024.04.28"]
[Round "4.29"]
[White "Marsden, Rupert"]
[Black "Miller, George I"]
[Result "1-0"]
[WhiteElo "1818"]
[BlackElo "1893"]
[PlyCount "108"]
[EventDate "2024.04.26"]
[EventRounds "5"]
[EventCountry "ENG"]
[SourceTitle "DT 112"]
[SourceDate "2024.08.26"]
[SourceVersion "1"]
[SourceVersionDate "2024.08.26"]
[SourceQuality "1"]

1. e4 c6 2. d4 d5 3. e5 c5 4. dxc5 e6 5. a3 Bxc5 6. Nf3 Nc6 7. b4 Be7 8. Bb2 f6
9. Bd3 Nh6 10. b5 Nb8 11. O-O Nd7 12. Nbd2 Nf7 13. exf6 Bxf6 14. Bxf6 Qxf6 15.
c4 O-O 16. cxd5 exd5 17. Nb3 Nde5 18. Be2 Bg4 19. Nbd4 Rad8 20. Nxe5 Bxe2 21.
Qxe2 Nxe5 22. Rfe1 Rde8 23. Rad1 Ng4 24. Qxe8 Qxf2+ 25. Kh1 Rxe8 26. Rxe8+ Kf7
27. Re2 Qf4 28. g3 Qf6 29. Kg2 Qd6 30. Rd3 g6 31. Rf3+ Kg7 32. h3 Ne5 33. Rfe3
Nc4 34. Re7+ Kh6 35. Nf5+ gxf5 36. R7e6+ Qxe6 37. Rxe6+ Kg5 38. Re7 Nxa3 39.
Rxb7 h5 40. Rxa7 Nxb5 41. Ra5 Nc3 42. Kf3 h4 43. Rc5 Ne4 44. gxh4+ Kxh4 45.
Rxd5 Ng5+ 46. Kg2 f4 47. Rd8 f3+ 48. Kh2 Ne6 49. Rd3 Ng5 50. Rd4+ Kh5 51. Kg3
f2 52. Rh4+ Kg6 53. Kxf2 Kf5 54. Kg3 Ne4+ 1-0

[Event "Bristol Centenary & WECU Championship"]
[Site "The Great Hall, Bristol Gramm"]
[Date "2024.04.28"]
[Round "5.1"]
[White "Boswell, Jacob Connor"]
[Black "Arkell, Keith C"]
[Result "1-0"]
[WhiteElo "2254"]
[BlackElo "2371"]
[PlyCount "101"]
[EventDate "2024.04.26"]
[EventRounds "5"]
[EventCountry "ENG"]
[SourceTitle "DT 112"]
[SourceDate "2024.08.26"]
[SourceVersion "1"]
[SourceVersionDate "2024.08.26"]
[SourceQuality "1"]

1. d4 d5 2. c4 c6 3. Nc3 Nf6 4. Nf3 g6 5. e3 Bg7 6. Be2 O-O 7. O-O Bg4 8. Bd2
dxc4 9. Bxc4 Nbd7 10. Be2 Re8 11. h3 Bxf3 12. Bxf3 e5 13. dxe5 Nxe5 14. Be2 Qd7
15. Qc2 Qe6 16. Rfd1 Nc4 17. Be1 b5 18. Rd4 c5 19. Rdd1 a6 20. a4 Nxe3 21. fxe3
b4 22. Bf3 bxc3 23. Bxa8 cxb2 24. Qxb2 Rxa8 25. Bc3 Qxe3+ 26. Kh1 Nh5 27. Bxg7
Nxg7 28. Ra3 Qe4 29. Rad3 Ne6 30. Qc2 Re8 31. Rc3 Qc6 32. Re3 Rb8 33. Rb3 Rc8
34. Qc4 Nd4 35. Rc3 Ne6 36. a5 Rb8 37. Rb3 Rxb3 38. Qxb3 Qe4 39. Rf1 c4 40. Qb4
Kg7 41. Qe7 Kh6 42. Qxf7 c3 43. Qf2 c2 44. Qd2+ Kg7 45. Re1 Qc4 46. Qe3 Kf7 47.
Kg1 g5 48. Rc1 Nd4 49. Rf1+ Kg7 50. Qe5+ Kg6 51. Qe8+ 1-0

[Event "Bristol Centenary & WECU Championship"]
[Site "The Great Hall, Bristol Gramm"]
[Date "2024.04.28"]
[Round "5.2"]
[White "Wells, Peter K"]
[Black "Matlak, Oleksandr"]
[Result "0-1"]
[WhiteElo "2351"]
[BlackElo "2142"]
[PlyCount "60"]
[EventDate "2024.04.26"]
[EventRounds "5"]
[EventCountry "ENG"]
[SourceTitle "DT 112"]
[SourceDate "2024.08.26"]
[SourceVersion "1"]
[SourceVersionDate "2024.08.26"]
[SourceQuality "1"]

1. Nf3 Nf6 2. c4 c5 3. Nc3 b6 4. d4 cxd4 5. Nxd4 Bb7 6. Bg5 d6 7. Bxf6 gxf6 8.
e3 e6 9. Qh5 Qd7 10. O-O-O a6 11. Bd3 f5 12. e4 f4 13. e5 Nc6 14. Nxe6 Qxe6 15.
Nd5 Kd8 16. Bf5 Qh6 17. Qxf7 Qg7 18. Qh5 Nxe5 19. Nxf4 Bc8 20. Rhe1 Qf6 21. g4
Bh6 22. g5 Qxf5 23. Rxd6+ Kc7 24. Rf6 Qxg5 25. Qxh6 Nd3+ 26. Kd2 Qxh6 27. Rxh6
Nxf4 28. Re7+ Bd7 29. Rhxh7 Rxh7 30. Rxh7 Re8 0-1

[Event "Bristol Centenary & WECU Championship"]
[Site "The Great Hall, Bristol Gramm"]
[Date "2024.04.28"]
[Round "5.3"]
[White "Beaumont, Chris R"]
[Black "Southcott-Moyers, Indy"]
[Result "1/2-1/2"]
[WhiteElo "2224"]
[BlackElo "2120"]
[PlyCount "73"]
[EventDate "2024.04.26"]
[EventRounds "5"]
[EventCountry "ENG"]
[SourceTitle "DT 112"]
[SourceDate "2024.08.26"]
[SourceVersion "1"]
[SourceVersionDate "2024.08.26"]
[SourceQuality "1"]

1. d4 d5 2. c4 e6 3. Nf3 Nf6 4. g3 dxc4 5. Bg2 c5 6. O-O Nc6 7. Ne5 Nxe5 8.
dxe5 Qxd1 9. Rxd1 Nd5 10. Na3 Bd7 11. Nxc4 Bc6 12. a3 O-O-O 13. Na5 Be7 14.
Nxc6 bxc6 15. Bd2 Kb7 16. Ba5 Nb6 17. Rdc1 Rc8 18. Bd2 Nd5 19. e4 Nb6 20. Be3
Nd7 21. f4 Kc7 22. b4 Rb8 23. Rc4 Rb7 24. Rac1 Rhb8 25. R4c3 cxb4 26. Rxc6+ Kd8
27. axb4 Bxb4 28. Bf1 Ba5 29. Ba6 Rc7 30. Kf2 Rxc6 31. Rxc6 Bb6 32. Bxb6+ Rxb6
33. Rxb6 axb6 34. Ke3 Nc5 35. Bb5 Ke7 36. g4 h6 37. h4 1/2-1/2

[Event "Bristol Centenary & WECU Championship"]
[Site "The Great Hall, Bristol Gramm"]
[Date "2024.04.28"]
[Round "5.4"]
[White "Murawski, Jan"]
[Black "Murphy, Conor E"]
[Result "1-0"]
[WhiteElo "1981"]
[BlackElo "2484"]
[PlyCount "157"]
[EventDate "2024.04.26"]
[EventRounds "5"]
[EventCountry "ENG"]
[SourceTitle "DT 112"]
[SourceDate "2024.08.26"]
[SourceVersion "1"]
[SourceVersionDate "2024.08.26"]
[SourceQuality "1"]

1. d4 Nf6 2. c4 e6 3. Nc3 Bb4 4. Nf3 b6 5. g3 Bxc3+ 6. bxc3 Bb7 7. Bg2 O-O 8.
O-O d6 9. a4 a5 10. Ba3 Nbd7 11. Nd2 Bxg2 12. Kxg2 Re8 13. Nb3 Qc8 14. f3 d5
15. c5 e5 16. Qd3 e4 17. Qc2 Qa6 18. Rfe1 Re6 19. Rac1 Rae8 20. f4 e3 21. Qd3
Qc4 22. Qxc4 dxc4 23. Na1 bxc5 24. Red1 Ne4 25. dxc5 Ndxc5 26. Bxc5 Nxc5 27.
Rd5 Nxa4 28. Rxa5 Nb6 29. Rd1 c6 30. Rd4 g6 31. Nc2 Rb8 32. Kf3 Rc8 33. Ra6 c5
34. Rd1 Rce8 35. Ra5 h6 36. Rxc5 Na4 37. Rxc4 Nb2 38. Rdd4 Nxc4 39. Rxc4 Kg7
40. Rd4 Rc6 41. c4 Rce6 42. Rd3 h5 43. Nxe3 R6e7 44. Rc3 Re6 45. h3 Rd8 46. Nd5
Rc6 47. e4 f5 48. Ne3 fxe4+ 49. Kxe4 Re6+ 50. Kf3 Rc6 51. Ra3 Rd7 52. g4 hxg4+
53. hxg4 Rdc7 54. Rc3 Ra7 55. g5 Rca6 56. Ng4 Ra1 57. Ne5 Rc7 58. c5 Rd1 59. c6
Rd6 60. Ke4 Kf8 61. Rc1 Kg7 62. Rc2 Kf8 63. Rc5 Ke7 64. Rc3 Kf8 65. Rc2 Kg7 66.
Rc4 Kf8 67. Rc3 Kg7 68. Rd3 Re6 69. Kd5 Re8 70. Kc5 Ree7 71. Rd7 Rexd7 72. Nxd7
Kf7 73. Kd6 Rc8 74. c7 Re8 75. Nb6 Re6+ 76. Kc5 Re8 77. c8=Q Rxc8+ 78. Nxc8 Ke6
79. Nd6 1-0

[Event "Bristol Centenary & WECU Championship"]
[Site "The Great Hall, Bristol Gramm"]
[Date "2024.04.28"]
[Round "5.5"]
[White "Merry, Alan B"]
[Black "Underwood, Jonathan Wr"]
[Result "1-0"]
[WhiteElo "2438"]
[BlackElo "1987"]
[PlyCount "81"]
[EventDate "2024.04.26"]
[EventRounds "5"]
[EventCountry "ENG"]
[SourceTitle "DT 112"]
[SourceDate "2024.08.26"]
[SourceVersion "1"]
[SourceVersionDate "2024.08.26"]
[SourceQuality "1"]

1. d4 f5 2. c4 Nf6 3. Nc3 e6 4. e3 d5 5. Bd3 c6 6. Qc2 Bd6 7. cxd5 Nxd5 8. a3
Nd7 9. Nf3 N7f6 10. e4 Nxc3 11. bxc3 fxe4 12. Bxe4 Nxe4 13. Qxe4 Qa5 14. O-O
O-O 15. a4 Qh5 16. Ba3 Rxf3 17. Bxd6 Rxc3 18. a5 Qd5 19. Qf4 Bd7 20. Rab1 Rb3
21. Rxb3 Qxb3 22. Qg5 Be8 23. Be5 Bg6 24. h4 Rf8 25. h5 Rf5 26. Qh4 Bxh5 27.
Qe7 Rf7 28. Qe8+ Rf8 29. Qxh5 Qc2 30. Qg5 Qg6 31. Qxg6 hxg6 32. Rb1 Rf7 33. f4
a6 34. Kh2 Rd7 35. Kg3 Kf7 36. Kg4 Re7 37. Kg5 Rd7 38. Rb3 Re7 39. Rh3 Re8 40.
Rh7 Rg8 41. g4 1-0

[Event "Bristol Centenary & WECU Championship"]
[Site "The Great Hall, Bristol Gramm"]
[Date "2024.04.28"]
[Round "5.6"]
[White "Garcia, Oscar"]
[Black "Hobson, Kenneth"]
[Result "0-1"]
[WhiteElo "2088"]
[BlackElo "2120"]
[PlyCount "104"]
[EventDate "2024.04.26"]
[EventRounds "5"]
[EventCountry "ENG"]
[SourceTitle "DT 112"]
[SourceDate "2024.08.26"]
[SourceVersion "1"]
[SourceVersionDate "2024.08.26"]
[SourceQuality "1"]

1. e4 e5 2. Nf3 Nc6 3. Bb5 a6 4. Ba4 Nf6 5. d3 b5 6. Bb3 Bc5 7. Nc3 h6 8. Nd5
d6 9. c3 Rb8 10. d4 Ba7 11. Be3 Nxd5 12. exd5 Na5 13. Bc2 Nc4 14. Bc1 O-O 15.
O-O Re8 16. b3 Nb6 17. Re1 Nxd5 18. Qd3 Nf6 19. dxe5 dxe5 20. Qxd8 Rxd8 21.
Nxe5 Bb7 22. h3 Re8 23. Bb2 Rbd8 24. Nd3 Ne4 25. Kf1 Rd6 26. Re2 Rf6 27. Kg1
Rd8 28. c4 Bxf2+ 29. Nxf2 Rxf2 30. Rxf2 Nxf2 31. Re1 Nd3 32. Rd1 bxc4 33. bxc4
Be4 34. Bc3 Rd6 35. Rb1 Nc5 36. Rb8+ Kh7 37. Bxe4+ Nxe4 38. Be5 Rc6 39. Rb7
Rxc4 40. Bxc7 Ra4 41. Bd8 Kg6 42. Rb2 Nc3 43. Rc2 Nxa2 44. Be7 a5 45. Rc6+ Kh7
46. Ra6 Nc3 47. Ra7 Nb5 48. Rb7 Nd4 49. Bc5 Ne6 50. Bd6 Kg6 51. Kf2 Ra2+ 52.
Kf3 Ng5+ 0-1

[Event "Bristol Centenary & WECU Championship"]
[Site "The Great Hall, Bristol Gramm"]
[Date "2024.04.28"]
[Round "5.7"]
[White "Stubbs, Oliver"]
[Black "Gallagher, Ian G"]
[Result "1-0"]
[WhiteElo "2116"]
[BlackElo "1990"]
[PlyCount "55"]
[EventDate "2024.04.26"]
[EventRounds "5"]
[EventCountry "ENG"]
[SourceTitle "DT 112"]
[SourceDate "2024.08.26"]
[SourceVersion "1"]
[SourceVersionDate "2024.08.26"]
[SourceQuality "1"]

1. Nf3 f5 2. d4 e6 3. g3 Nf6 4. Bg2 Be7 5. O-O O-O 6. c4 d6 7. Nc3 Ne4 8. Qc2
Nxc3 9. bxc3 Nc6 10. d5 Na5 11. dxe6 Bxe6 12. Nd4 Bxc4 13. Nxf5 Bf6 14. Ne3 Be6
15. Rb1 Qd7 16. c4 Rae8 17. Bd2 Nc6 18. Rxb7 Nd4 19. Qd3 Bf7 20. Bd5 Bxd5 21.
cxd5 Qh3 22. Rb4 Re5 23. f4 Rh5 24. Rf2 g5 25. Rxd4 Bxd4 26. Qxd4 gxf4 27. Bc3
fxe3 28. Qg7# 1-0